| 000 | 00759nam a22002297a 4500 | ||
|---|---|---|---|
| 999 |
_c3729 _d3729 |
||
| 003 | AR-CdUCM | ||
| 008 | 190307b ||||| |||| 00| 0 spa d | ||
| 020 | _a968-16-1627-8 | ||
| 040 |
_aMUNICIPALIDAD PROVINCIAL DEL CUSCO _cBIBLIOTECA MUNICIPAL DEL CUSCO |
||
| 082 |
_a869.15 / _bN85 |
||
| 100 |
_aNovo, Salvador _912067 |
||
| 245 |
_aNuevo Amor : _by otras poesías / |
||
| 260 |
_aMéxico : _bFondo de Cultura Económica, _c1961. |
||
| 300 |
_a187 páginas ; _c21 cm. |
||
| 440 |
_aLecturas Mexicanas. _n19 _912068 |
||
| 505 | _aContenido: Poemas de adolescencia -- XX poemas -- Espejo -- Nuevo amor -- Seamen Rhymes ... | ||
| 650 |
_aSiglo XX _98 |
||
| 650 |
_aPoesía, Sonetos _912069 |
||
| 650 |
_aMéxico _918 |
||
| 942 |
_2ddc _cLIBROS |
||
| 945 | _aachl | ||